ARRUPE JESUIT UNIVERSITY

CORONAVIRUS -STOP THE SPREAD - CLEAN,DISINFECT,COVER

Southern Africa 2020 : (Record no. 129889)

MARC details
000 -LEADER
fixed length control field 01137cam a2200277 a 4500
001 - CONTROL NUMBER
control field 12994138
003 - CONTROL NUMBER IDENTIFIER
control field ARRUPE
005 - DATE AND TIME OF LATEST TRANSACTION
control field 20190924113520.0
008 - FIXED-LENGTH DATA ELEMENTS--GENERAL INFORMATION
fixed length control field 021106s2002 sa ab 000 0 eng
010 ## - LIBRARY OF CONGRESS CONTROL NUMBER
LC control number 2002443964
020 ## - INTERNATIONAL STANDARD BOOK NUMBER
International Standard Book Number 0620291028
040 ## - CATALOGING SOURCE
Original cataloging agency DLC
Transcribing agency DLC
Modifying agency DLC
042 ## - AUTHENTICATION CODE
Authentication code pcc
043 ## - GEOGRAPHIC AREA CODE
Geographic area code fs-----
050 00 - LIBRARY OF CONGRESS CALL NUMBER
Classification number DT1182
Item number .S676 2002
082 00 - DEWEY DECIMAL CLASSIFICATION NUMBER
Classification number 303.4968
Edition number 22
300 ## - PHYSICAL DESCRIPTION
Other physical details ill., map ;
Dimensions 24 cm.
245 00 - TITLE STATEMENT
Title Southern Africa 2020 :
Remainder of title five scenarios /
Statement of responsibility, etc developed by the Institue for Global Dialogue and the Friedrich Ebert Stiftung.
260 ## - PUBLICATION, DISTRIBUTION, ETC. (IMPRINT)
Place of publication, distribution, etc Braamfontein, Johannesburg, South Africa :
Name of publisher, distributor, etc Institute for Global Dialogue ;
Place of publication, distribution, etc Dunkeld West, Johannesburg, South Africa :
Name of publisher, distributor, etc Friedrich Ebert Stiftung,
Date of publication, distribution, etc 2002.
300 ## - PHYSICAL DESCRIPTION
Extent 143 p. :
651 #0 - SUBJECT ADDED ENTRY--GEOGRAPHIC NAME
Geographic name Africa, Southern
General subdivision Politics and government
Chronological subdivision 1994-
General subdivision Forecasting
9 (RLIN) 48265
710 2# - ADDED ENTRY--CORPORATE NAME
Corporate name or jurisdiction name as entry element Institute for Global Dialogue.
9 (RLIN) 48266
710 2# - ADDED ENTRY--CORPORATE NAME
Corporate name or jurisdiction name as entry element Friedrich-Ebert-Stiftung.
9 (RLIN) 48267
906 ## - LOCAL DATA ELEMENT F, LDF (RLIN)
a 7
b cbc
c orignew
d 3
e ncip
f 20
g y-gencatlg
942 ## - ADDED ENTRY ELEMENTS (KOHA)
Source of classification or shelving scheme Library of Congress Classification
Koha item type Monograph ( Printed materials)
Holdings
Withdrawn status Lost status Source of classification or shelving scheme Damaged status Not for loan Collection code Home library Current library Shelving location Date acquired Total Checkouts Full call number Barcode Date last seen Price effective from Koha item type
    Library of Congress Classification     Main Collection ARRUPE LIBRARY ARRUPE LIBRARY Main Collection 24/09/2019   DT1182 .S676 2002 46600002403 24/09/2019 24/09/2019 Monograph ( Printed materials)

 

Arrupe Library. PO Box MP320 Mt Pleasant, Harare, Zimbabwe
263 242 745411|librarian@aju.ac.zw